Online
Catalog

Historia de nuestros barrios. / (Record no. 2496)

MARC details
000 -CABECERA
campo de control de longitud fija 00983nam a2200277 a 4500
001 - NÚMERO DE CONTROL
campo de control 000002660
003 - IDENTIFICADOR DEL NÚMERO DE CONTROL
campo de control DO-SdBNP
005 - FECHA Y HORA DE LA ÚLTIMA TRANSACCIÓN
campo de control 20240416181517.0
008 - DATOS DE LONGITUD FIJA--INFORMACIÓN GENERAL
campo de control de longitud fija 090703s2005 dr ac 000 0 spa d
040 ## - FUENTE DE LA CATALOGACIÓN
Centro catalogador/agencia de origen DO-SdBNP
Lengua de catalogación spa
Centro/agencia transcriptor BNPHU
082 #4 - NÚMERO DE LA CLASIFICACIÓN DECIMAL DEWEY
Número de clasificación 972.385
Número de documento/Ítem M553h
Número de edición 44
100 1# - ENTRADA PRINCIPAL--NOMBRE DE PERSONA
Nombre de persona Mercedes, Nelgido
Fechas asociadas al nombre 1959-
9 (RLIN) 8391
245 10 - MENCIÓN DE TÍTULO
Título Historia de nuestros barrios. /
Mención de responsabilidad, etc. Nelgido Mercedes.
260 ## - PUBLICACIÓN, DISTRIBUCIÓN, ETC.
Lugar de publicación, distribución, etc. Santo Domingo :
Nombre del editor, distribuidor, etc. Tele-3,
Fecha de publicación, distribución, etc. 2005.
300 ## - DESCRIPCIÓN FÍSICA
Extensión 284 p. :
Otras características físicas il., retrs. ;
Dimensiones 21 cm.
490 0# - MENCIÓN DE SERIE
Mención de serie Clásicos de Higüey
500 ## - NOTA GENERAL
Nota general Incluye datos biográficos del autor en la solapa
500 ## - NOTA GENERAL
Nota general Incluye glosario
500 ## - NOTA GENERAL
Nota general El titulo tomado de la cubierta del libro
504 ## - NOTA DE BIBLIOGRAFÍA, ETC.
Nota de bibliografía, etc. Bibliografía: p. 284
650 #4 - PUNTO DE ACCESO ADICIONAL DE MATERIA--TÉRMINO DE MATERIA
Término de materia o nombre geográfico como elemento de entrada Ciudades y pueblos
Subdivisión geográfica República Dominicana
Subdivisión general Historia
9 (RLIN) 8393
650 #4 - PUNTO DE ACCESO ADICIONAL DE MATERIA--TÉRMINO DE MATERIA
Término de materia o nombre geográfico como elemento de entrada Higüey (República Dominicana)
Subdivisión general Historia local
9 (RLIN) 8394
650 #0 - PUNTO DE ACCESO ADICIONAL DE MATERIA--TÉRMINO DE MATERIA
Término de materia o nombre geográfico como elemento de entrada Sociología urbana
9 (RLIN) 8395
651 #4 - PUNTO DE ACCESO ADICIONAL DE MATERIA--NOMBRE GEOGRÁFICO
Nombre geográfico Higüey (República Dominicana)
Subdivisión general Vida social y costumbres
9 (RLIN) 8392
942 ## - ELEMENTOS DE PUNTO DE ACCESO ADICIONAL (KOHA)
Fuente del sistema de clasificación o colocación Dewey Decimal Classification
Tipo de ítem Koha Libro
Holdings
Estado de retiro Estado de pérdida No para préstamo Código de colección Localización permanente Ubicación/localización actual Ubicación en estantería Fecha de adquisición Número de inventario Total de préstamos Signatura topográfica completa Código de barras Fecha visto por última vez Precio válido a partir de Tipo de ítem Koha
    Excluido de préstamo Patrimonio Dominicano Patrimonio Dominicano Patrimonio Dominicano Depósito 03.07.2009 LF1   972.385 M553h 2660-10 25.06.2020 25.06.2020 Libro y Folleto Colección Patrimonio Dominicano

Powered by Koha